Index interpolationum. Quae in iustiniani codice inesse dicuntur. In quo ea commemorantur quae viri docti in scriptis ante annum 1936 editis suspicati sunt

محفوظ في:
التفاصيل البيبلوغرافية
المؤلف الرئيسي: Broggini, Gerardo (مؤلف)
التنسيق: كتاب
اللغة:اللاتينية
منشور في: Colonia Böhlau Verlag 1969
الموضوعات:
الوسوم: إضافة وسم
لا توجد وسوم, كن أول من يضع وسما على هذه التسجيلة!

MARC

LEADER 00000nam a2200000 a 4500
001 UCR2636
003 CL-VaPUC
008 980112e19690000GW |||||||||||||||||lat|d
082 0 4 |a 340.5401  |b BRO  |2 21 
100 0 |a Broggini, Gerardo  |e author  |9 400798 
245 1 0 |a Index interpolationum. Quae in iustiniani codice inesse dicuntur. In quo ea commemorantur quae viri docti in scriptis ante annum 1936 editis suspicati sunt 
300 |a 163 p 
942 |c BK 
945 |d 19980112 00:00:00  |a aolguin 
260 |a Colonia  |b Böhlau Verlag  |c 1969 
650 0 |a Derecho romano  |9 255930 
650 0 |a Fuentes del derecho   |9 255162 
650 7 |a CODICES  |2 CL-VaPUC  |9 375292 
650 0 |a Código justiniano  |9 395743 
650 0 |a Derecho justiniano  |9 397596 
650 0 |a Ìndices  |9 258316 
583 |a last modification  |c 19980112 00:00:00  |k Rodrigo Vera 
999 |c 265769  |d 265767 
952 |0 0  |1 0  |4 0  |6 340_540100000000000_BRO_1969  |7 0  |8 DER_ROM  |9 296857  |a BIBDER  |b BIBDER  |d 2019-11-20  |i 1931644  |l 1  |o 340.5401 BRO 1969  |p 1931644  |r 2023-01-25  |s 2020-03-17  |w 2019-11-20  |x Ubicación 4to piso  |y BK_X  |z Este recurso debe solicitarse con anticipación  |k DER